| 000 | 00481nam a2200169 i 4500 | ||
|---|---|---|---|
| 001 | bg | ||
| 245 | 0 |
_aTechnologia budowy samochodów : _bpraca zbiorowa. _nCz. 3, _pTechnologia silników spalinowych / _cpod red. B. Stolarskiego. |
|
| 250 | _aWyd. 2. | ||
| 260 |
_aKraków, _c1979. |
||
| 650 | 9 | _aSilniki spalinowe | |
| 655 | _aPodręczniki akademickie | ||
| 040 | _cBPK | ||
| 041 | _apol | ||
| 080 | _a621.43(075.8) | ||
| 942 | _cKS | ||
| 008 | s pl f |000 0 pol | ||
| 999 |
_c18804 _d18804 |
||
| 856 |
_uhttp://koha.tu.koszalin.pl/cgi-bin/koha/opac-detail.pl?biblionumber=18804 _yKatalog online BPK |
||